|
|
|
|
| LEADER |
00000cam a2200000M 4500 |
| 001 |
JSTOR_on1311463556 |
| 003 |
OCoLC |
| 005 |
20231005004200.0 |
| 006 |
m d |
| 007 |
cr ||||||||||| |
| 008 |
220420s2022 xx o ||| 0 ita d |
| 040 |
|
|
|a YDX
|b eng
|c YDX
|d JSTOR
|d OCLCO
|d OCLCF
|d OCLCQ
|
| 020 |
|
|
|a 8822912616
|q (electronic bk.)
|
| 020 |
|
|
|a 9788822912619
|q (electronic bk.)
|
| 035 |
|
|
|a (OCoLC)1311463556
|
| 037 |
|
|
|a 22573/ctv2gtq0gt
|b JSTOR
|
| 050 |
|
4 |
|a NA2500
|
| 082 |
0 |
4 |
|a 720.1
|2 23/eng/20220428
|
| 049 |
|
|
|a UAMI
|
| 245 |
0 |
0 |
|a Teorie dell'architettura
|h [electronic resource] :
|b affresco italiano.
|
| 250 |
|
|
|a 1ST ED.
|
| 260 |
|
|
|a [S.l.] :
|b QUODLIBET,
|c 2022.
|
| 300 |
|
|
|a 1 online resource
|
| 590 |
|
|
|a JSTOR
|b Books at JSTOR Demand Driven Acquisitions (DDA)
|
| 590 |
|
|
|a JSTOR
|b Books at JSTOR All Purchased
|
| 650 |
|
0 |
|a Architecture
|x Philosophy.
|
| 650 |
|
0 |
|a Architecture
|z Italy
|x History.
|
| 650 |
|
0 |
|a Architecture
|x Research
|z Italy.
|
| 650 |
|
6 |
|a Architecture
|x Philosophie.
|
| 650 |
|
6 |
|a Architecture
|z Italie
|x Histoire.
|
| 650 |
|
6 |
|a Architecture
|x Recherche
|z Italie.
|
| 650 |
|
7 |
|a Architecture.
|2 fast
|0 (OCoLC)fst00813346
|
| 650 |
|
7 |
|a Architecture
|x Philosophy.
|2 fast
|0 (OCoLC)fst00813497
|
| 650 |
|
7 |
|a Architecture
|x Research.
|2 fast
|0 (OCoLC)fst00813508
|
| 651 |
|
7 |
|a Italy.
|2 fast
|0 (OCoLC)fst01204565
|
| 655 |
|
7 |
|a History.
|2 fast
|0 (OCoLC)fst01411628
|
| 856 |
4 |
0 |
|u https://jstor.uam.elogim.com/stable/10.2307/j.ctv2gvdn9s
|z Texto completo
|
| 938 |
|
|
|a YBP Library Services
|b YANK
|n 302845279
|
| 994 |
|
|
|a 92
|b IZTAP
|